Εμείς στη Θράκη : φωτογραφικό λεύκωμα

Αποθηκεύτηκε σε:
Λεπτομέρειες βιβλιογραφικής εγγραφής
Άλλοι συγγραφείς: Κασέρης, Νίκος (Επιμελητής έκδοσης)
Μορφή: Βιβλίο
Γλώσσα:Greek
Δημοσίευση: [χ.τ.] : Rodos Image, 1996
Θέματα:
Ετικέτες: Προσθήκη ετικέτας
Δεν υπάρχουν, Καταχωρήστε ετικέτα πρώτοι!

MARC

LEADER 00000cam a2200000 i 4500
001 1/19474
008 010502s1996 gre d
020 |a 960-90194-2-0 
035 |l 10066867 
040 |a GR-MY-UA  |b gre  |e aacr 
041 0 |a gre 
082 0 |a 778.9434957 
245 1 0 |a Εμείς στη Θράκη :  |b φωτογραφικό λεύκωμα /  |c Επιμέλεια : Νίκος Κασέρης 
260 |a [χ.τ.] :   |b Rodos Image,   |c 1996 
300 |a 167 σ.;  |b φωτ.;  |c 23 cm. 
651 0 |a Thrace, Western (Greece)  |x Pictorial works. 
700 1 |a Κασέρης, Νίκος.  |4 edt 
852 |a INST  |b CHIOS  |e 20010502  |h 778.9434957 ΕΜΕ  |p 005200021168  |q 005200021168  |t BK  |y 0 
901 |a BIBL2-2001-2 
909 |a Χ  |b 083602 
920 |a TELESTET  |y ΧΙΟΣ  |z 2000-12 
970 |a ΠΟΥΛΑΚΗ  |b ΣΤΕΛΛΑ  |z 2001/05/02